K poetike neoromantika Horala (k 80. výročiu úmrtia)

Bibliographic Details
Main Author: Tatár, Jozef, 1954- (Author)
Format: Article
Language:Slovak
Subjects:

MARC

LEADER 00000nab a2200000 a 4500
001 vtls000739206
003 SK-MaSNL
005 20260302193409.0
008 140617c xo 0 slo
015 |a SNBRB2000/11-27875 
035 |a CLN000091065 
040 |a SNKBUCL  |b slo  |c SNKBUCL  |e AACR2 
041 0 |a slo 
044 |a xo  |c SK 
080 |a 82(091):885.4"18/19"  |2 1997 
080 |a 885.4(091)"18/19"  |2 1997 
080 |a 82.033:885.4-1  |2 1997 
080 |a 885.4-1.033  |2 1997 
100 1 |a Tatár, Jozef,  |d 1954-  |4 aut  |9 86031 
245 1 0 |a K poetike neoromantika Horala  |b (k 80. výročiu úmrtia)  |c Jozef Tatár 
504 |a Bibliogr. odkazy 
600 1 7 |a Horal, František,  |d 1842-1919  |2 snkbucl 
655 7 |a články z novín a časopisov  |2 snkbucl  |9 267496 
773 0 |t Tvorba T  |g Roč. 10 (19), č. 1-2 (2000), s. 56-58 
850 |a Slovenská národná knižnica v Martine 
852 |a SNK  |b KIS3GCP 
958 |a LX 
958 |a SK 
958 |a NB 
992 |a RBX 
999 |c 1444347  |d 1446277